| 000 | 00811nam a22002057a 4500 | ||
|---|---|---|---|
| 999 |
_c3369 _d3369 |
||
| 003 | AR-CdUCM | ||
| 008 | 190306b ||||| |||| 00| 0 spa d | ||
| 040 |
_aMUNICIPALIDAD PROVINCIAL DEL CUSCO _cBIBLIOTECA MUNICIPAL DEL CUSCO |
||
| 082 |
_a377.3 / _bR27 |
||
| 100 |
_aRavier, André _911149 |
||
| 245 |
_aCartas : _ba los padres y educadores para tiempos de revolución / |
||
| 260 |
_aMadrid : _bNarcea, _c1971. |
||
| 300 |
_a216 páginas ; _c19 cm. |
||
| 505 | _ala educación una responsabilidad ante Dios que no podemos rehusar -- Es posible reanudar la acción pero necesitamos orientarnos en el mundo nuevo -- Libro para leer... | ||
| 650 |
_aEducación. _9460 |
||
| 650 |
_aRevolución y educación. _911150 |
||
| 650 |
_aEl arte de aprender. _911151 |
||
| 942 |
_2ddc _cLIBROS |
||
| 945 |
_awfj _d2019-03-06 |
||